Logo BPK

Biblioteka

Politechniki Koszalińskiej

Podstawy konstrukcji maszyn : (Rekord nr 39930)

Szczegóły MARC
000 -ETYKIETA REKORDU
podpole kontrolne o stałej długości 00828nam a2200253 i 4500
001 - NUMER KONTROLNY REKORDU
pole kontrolne bg
020 ## - MIĘDZYNARODOWY ZNORMALIZOWANY NUMER KSIĄŻKI - ISBN
ISBN 8372421129 (cz. 1)
040 ## - ŹRÓDŁO KATALOGOWANIA
Instytucja, która utworzyła rekord BPK
041 0# - KOD JĘZYKA
Kod języka tekstu pl
080 ## - UNIWERSALNA KLASYFIKACJA DZIESIĘTNA - UKD
UKD 621.01(075.8)(076)
920 ## - Międzynarodowy znormalizowany numer książki – ISBN
ISBN 83-7242-112-9 (cz. 1)
008 - POLE O STAŁEJ DŁUGOŚCI - DANE KONTROLNE
podpole kontrolne o stałej długości s pl f |000 0 pol
100 1# - NAZWA OSOBOWA
Nazwa osobowa RYŚ, Jan
245 10 - TYTUŁ/ODPOWIEDZIALNOŚĆ
Tytuł Podstawy konstrukcji maszyn :
Ciąg dalszy tytułu zbiór zadań.Cz. /
Pozostałe elementy strefy tytułu i oznaczenia odpowiedzialności Jan Ryś, Zbigniew Skrzyszowski ; Politechnika Krakowska im. Tadeusza Kościuszki
Oznaczenie części/sekcji dzieła 2.
250 ## - STREFA WYDANIA
Oznaczenie wydania Wyd. 3 uzup.
260 ## - STREFA ADRESU WYDAWNICZEGO
Miejsce wydania Kraków :
Nazwa wydawcy/dystrybutora PK,
Data publikacji, dystrybucji/powstania dokumentu 2001.
300 ## - STREFA OPISU FIZYCZNEGO
Objętość 316 s. :
Inne cechy fizyczne il. ;
Rozmiary 24 cm.
504 ## - UWAGA DOTYCZĄCA BIBLIOGRAFII
Informacje o bibliografii Bibliogr. przy rozdz.
521 ## - UWAGA DOTYCZĄCA PRZEZNACZENIA CZYTELNICZEGO
Przeznaczenie czytelnicze Skrypt dla studentów wyższych szkół technicznych.
650 #9 - HASŁO PRZEDMIOTOWE W FORMIE NAZWY OGÓLNEJ LUB JEDNOSTKOWEJ
Nazwa ogólna lub geograficzna Maszyny
Określnik ogólny budowa i konstrukcje
655 ## - TERMIN INDEKSOWY - OKREŚLENIE RODZAJU/FORMY DOKUMENTU
Określenie rodzaju/formy dokumentu Ćwiczenia i zadania dla szkół wyższych
700 1# - HASŁO DODATKOWE - NAZWA OSOBOWA
Nazwa osobowa SKRZYSZOWSKI, Zbigniew
856 ## - LOKALIZACJA I DOSTĘP DO ELEKTRONICZNYCH DOKUMENTÓW ZDALNYCH
Link (URL) http://koha.tu.koszalin.pl/cgi-bin/koha/opac-detail.pl?biblionumber=39930
Tekst linku Katalog online BPK
942 ## - DODATKOWE ELEMENTY (KOHA)
Typ dokumentu Książka
Egzemplarze
Wycofany Status egzemplarza Uszkodzony Dostępność Lokalizacja stała Lokalizacja bieżąca Miejsce przechowywania Sygnatura Kod kreskowy Typ dokumentu
      Dostępny Biblioteka Politechniki Koszalińskiej Biblioteka Politechniki Koszalińskiej Wypożyczalnia BG 59793 01584462 Książka
© 2023 Biblioteka Politechniki Koszalińskiej :: KOHA